Municipalities of Kosovo Quiz Stats

 Plays Quiz not verified by Sporcle

Score 0/38 Timer 15:00
0 Plays Today
% Correct
Prishtinë • Приштина
94.9%
Prizren • Призрен
89.5%
Mitrovicë • Косовска Митровица
87.3%
Pejë • Пећ
86.1%
Gjakova • Ђаковица
82.3%
Gjilan • Гњилане
81.9%
Ferizaj • Урошевац
79.7%
Dragash • Драгаш
78.5%
Podujevë • Подујево
78.5%
Leposaviq • Лепосавић
75.1%
Deçan • Дечани
74.7%
Vushtrri • Вучитрн
74.3%
Istog • Исток
73.4%
Zveçan • Звечан
73.4%
Lipjan • Липљан
73%
Skënderaj • Србица
71.7%
Zubin Potok • Зубин Поток
71.3%
Kamenicë • Косовска Каменица
70.9%
Klinë • Клина
70%
% Correct
Rahovec • Ораховац
70%
Drenas • Глоговац
69.2%
Fushë Kosovë • Косово поље
69.2%
Kaçanik • Качаник
69.2%
Viti • Витина
69.2%
Graçanicë • Грачаница
67.9%
Suharekë • Сува Река
67.9%
Hani i Elezit • Елез Хан
67.5%
Junik • Јуник
67.5%
Novobërdë • Ново Брдо
67.5%
Obiliq • Обилић
67.5%
Malishevë • Малишево
67.1%
Shtërpcë • Штрпце
66.2%
Shtime • Штимље
66.2%
Mamushë • Мамуша
64.1%
Mitrovica Veriore • Ceвepнa Косовска Митровица
63.7%
Kllokot • Клокот
62.9%
Ranillug • Ранилуг
61.2%
Partesh • Партеш
60.3%

You're not logged in!

Compare scores with friends on all Sporcle quizzes.
OR
Log In

Sporcle TV

Today on Sporcle TV


Watch our educational content, quiz creation guides, and fun videos on Sporcle TV.

Show Comments

Extras

Top Quizzes Today


Score Distribution

Your Account Isn't Verified!

In order to create a playlist on Sporcle, you need to verify the email address you used during registration. Go to your Sporcle Settings to finish the process.

Report this User

Report this user for behavior that violates our Community Guidelines.

Details: